|
|
|
|
| LEADER |
01725nam a22004097a 4500 |
| 001 |
44642 |
| 003 |
BD-DhAAL |
| 005 |
20250827172456.0 |
| 008 |
250827t2002 ii r 0 0eng |
| 010 |
|
|
|a 92900037
|
| 020 |
|
|
|a 8187649682 (paperback)
|
| 020 |
|
|
|a 8187649690 (hardback)
|
| 029 |
1 |
|
|a AU@
|b 000009048261
|
| 035 |
|
|
|a (OCoLC)25749589
|
| 037 |
|
|
|b Katha, A-3 Sarvodaya Enclave, Sri Aurobindo Marg, New Delhi 110017
|
| 040 |
|
|
|a DLC
|b eng
|c DLC
|d WAU
|d NST
|d EYM
|d DLC
|d IUL
|d OCLCQ
|d OCLCO
|d OCLCF
|d OCLCO
|d OCLCL
|d BD-DhAAL
|
| 042 |
|
|
|a pcc
|
| 043 |
|
|
|a a-ii---
|
| 050 |
0 |
0 |
|a PK5461
|b .K37
|
| 082 |
0 |
0 |
|a 891.4
|2 21
|
| 245 |
0 |
0 |
|a Katha prize stories.
|n Volume 12 /
|b edited by Geeta Dharmarajan.
|
| 260 |
|
|
|a New Delhi :
|b Katha ;
|b Distributed by KathaMela,
|c 2002.
|
| 300 |
|
|
|a 314 pages ;
|c 21 cm.
|
| 362 |
|
|
|a Vol. 12
|
| 541 |
|
|
|a Donated by Farhana Zahir, Assistant Professor, BRAC Business School, BRAC University
|e 44642
|
| 546 |
|
|
|a In English.
|
| 580 |
|
|
|a Translated from various Indic languages.
|
| 650 |
|
0 |
|a Short stories, Indic
|v Translations into English
|
| 650 |
|
0 |
|a Short stories, Indic (English)
|
| 650 |
|
7 |
|a Short stories, Indic.
|
| 650 |
|
7 |
|a Short stories, Indic (English).
|
| 655 |
|
7 |
|a Translations.
|
| 700 |
|
|
|a Dharmarajan, Geeta.
|9 59076
|
| 710 |
|
|
|a Kathā (Society)
|9 59077
|
| 942 |
|
|
|2 ddc
|c BK
|
| 999 |
|
|
|c 47419
|d 47419
|
| 952 |
|
|
|0 0
|1 0
|2 ddc
|4 0
|6 891_400000000000000_KAT
|7 0
|9 78052
|a BRACUL
|b BRACUL
|c NEW
|d 2025-08-27
|e Donated by Farhana Zahir, Assistant Professor, BRAC Business School, BRAC University
|g 420.00
|l 1
|m 3
|o 891.4 KAT
|p 3010044642
|r 2025-12-07
|s 2025-11-10
|t 1
|v 840.00
|w 2025-08-27
|y BK
|x Donated by Farhana Zahir, Assistant Professor, BRAC Business School, BRAC University
|